Fréquence Jeunes 2 méthode de francais

Kaydedildi:
Detaylı Bibliyografya
Yazar: Capelle, G.
Diğer Yazarlar: Cavalli, M., Gidon, N.
Materyal Türü: Kitap
Dil:French
Baskı/Yayın Bilgisi: Vanves Hachette 1994
Konular:
Etiketler: Etiketle
Etiket eklenmemiş, İlk siz ekleyin!
Thư viện lưu trữ: Trung tâm Học liệu Lê Vũ Hùng, Trường Đại học Đồng Tháp
LEADER 00823pam a22002898a 4500
001 00032177
005 20171026081025.0
008 140520s1994 ||||||fresd
020 # # |a 2011549841 
041 0 # |a fre 
082 1 4 |a 448  |b FR206J 
100 0 # |a Capelle, G. 
245 0 0 |a Fréquence Jeunes 2  |c G. Capelle, M. Cavalli, N. Gidon  |b méthode de francais 
260 # # |a  Vanves  |b Hachette  |c 1994 
300 # # |a 160 p.  |b ill  |c 29 cm. 
653 # # |a Tự học 
653 # # |a ngôn ngữ 
653 # # |a từ vựng 
653 # # |a tiếng pháp 
653 # # |a ngữ pháp 
700 1 # |a Cavalli, M. 
700 1 # |a Gidon, N. 
852 # # |j KD.0015877 
852 # # |b Kho đọc  |j KD.0015877 
910 # # |d 20\5\2014 
980 # # |a Trung tâm Học liệu Lê Vũ Hùng, Trường Đại học Đồng Tháp